|
|
|
|
| LEADER |
00892nam a2200193 u 4500 |
| 001 |
10117712 |
| 003 |
GR-PaULI |
| 005 |
20230131122314.0 |
| 008 |
150930s19uu gr gre |
| 952 |
|
|
|0 0
|1 0
|2 ddc
|4 0
|6 324_217000000000000_5_ΑΝΑ
|7 0
|9 368157
|a LISP
|b LISP
|c DON
|d 2023-01-31
|e ΠΑΤ
|i 252703
|l 0
|o 324.217 5 ΑΝΑ
|p 025000297246
|r 2023-01-31 00:00:00
|t 1
|v 2023.00
|w 2023-01-31
|y BKN
|
| 999 |
|
|
|c 215098
|d 215098
|
| 040 |
|
|
|a GR-PaULI
|c GR-PaULI
|b gre
|e AACR2
|
| 082 |
0 |
4 |
|a 324.217 5
|2 23
|
| 245 |
0 |
0 |
|a Ανανεωτική Ομάδα Δημοκρατικής Αριστεράς (Α.Ο.Δ.Α.) :
|b το θέμα της Αριστεράς στην Ελλάδα.
|c
|
| 260 |
|
|
|a [Αθήνα] :
|b [χ.ό.] ,
|c [19--].
|
| 300 |
|
|
|a 101 σ. ;
|b
|c 20 εκ.
|
| 610 |
2 |
4 |
|9 195800
|a Ανανεωτική Ομάδα Δημοκρατικής Αριστεράς
|
| 942 |
|
|
|2 ddc
|c BK
|
| 998 |
|
|
|c ΜΠΟΥΡΑΣ
|d 2023-01
|